000 00725nam a22001577a 4500
003 OSt
005 20151031083324.0
008 151031b xxu||||| |||| 00| 0 eng d
040 _cRUA
082 _aATM.s CHH 2004 B058 Or.1
100 _93084
_aCHHANG, TITTYA.
245 _aComparison of growing of mung bean and cow pea under condition of royal university of agriculture, ប្រៀធផបការលូតលាស់រវាងសណ្តែកបាយ និងសណ្ដែកអង្គុយ ក្នុងលក្ខខណ្ឌសាកលវិទ្យាល័យភូមិន្ទកសិកម្ម
260 _aPhnom Penh
_bRUA
_c2004
300 _ax; 48p.
_bill.
_c29cm.
942 _2ddc
_cATMSP
999 _c2874
_d2874